| 000 | 00633cam a22002171 4500 | ||
|---|---|---|---|
| 001 | he 68001705 | ||
| 003 | DLC | ||
| 005 | 20260227111459.0 | ||
| 008 | 880816s1966 is 000 0 hebr | ||
| 010 | _ahe 68001705 | ||
| 035 | _a(OCoLC)18362394 | ||
| 040 |
_aDLC _cCU _dCU _dDLC |
||
| 042 | _apremarc | ||
| 050 | 0 | 0 |
_aBM506.S73 _bK6 |
| 100 | 2 |
_aKossowsky-Shachor, Shaul, _d1933- |
|
| 245 | 1 | 0 |
_aSefer Devar Shaʼul: _bSoṭah, _cme-iti Shaʼul Ḳosovsḳi-Shaḥor. |
| 260 |
_aBene Beraḳ, _c727 [1966 or 7] |
||
| 300 |
_a16 p., 127 l. _c35 cm. |
||
| 630 | 0 | 0 |
_aTalmud. _pSotah _xCommentaries. |
| 740 | 0 | _aDevar Shaʼul : Soṭah. | |
| 999 |
_c33378 _d33378 |
||